All Countries in the 24-25 Top 5 Football League - Statistics

General Stats
  • This quiz has been taken 85 times
  • The average score is 68 of 107
Answer Stats
# Confederation Country % Correct
197 UEFA England
98%
306 UEFA France
98%
265 UEFA Germany
98%
348 UEFA Spain
97%
87 CONMEBOL Brazil
95%
68 CONMEBOL Argentina
94%
213 UEFA Italy
94%
59 UEFA Netherlands
94%
4 UEFA Russia
94%
31 UEFA Sweden
94%
5 CAF Egypt
92%
11 UEFA Ukraine
92%
24 CONCACAF United States
92%
58 UEFA Portugal
90%
20 UEFA Scotland
90%
48 UEFA Belgium
89%
21 UEFA Ireland
89%
21 UEFA Norway
89%
18 CAF Algeria
87%
8 UEFA Finland
87%
5 CONCACAF Mexico
87%
49 CAF Morocco
87%
26 UEFA Serbia
87%
29 CAF Nigeria
86%
12 UEFA Slovakia
86%
9 UEFA Slovenia
86%
31 UEFA Croatia
84%
10 UEFA Greece
84%
21 AFC Japan
84%
30 UEFA Poland
84%
36 UEFA Austria
83%
34 UEFA Switzerland
83%
8 AFC Korea, South
81%
30 CAF Senegal
81%
12 UEFA Wales
81%
18 CAF Cameroon
79%
8 CONCACAF Canada
79%
20 CONMEBOL Colombia
79%
11 AFC Australia
78%
22 CAF Ghana
78%
19 UEFA Türkiye
78%
11 UEFA Albania
76%
5 CONMEBOL Chile
76%
14 UEFA Czech Republic
76%
47 UEFA Denmark
76%
9 UEFA Hungary
76%
11 UEFA Romania
76%
18 CONMEBOL Uruguay
75%
8 UEFA Iceland
71%
2 UEFA Northern Ireland
71%
9 UEFA Bosnia-Herzegovina
70%
2 CONMEBOL Peru
70%
6 CAF Tunisia
70%
7 CONMEBOL Ecuador
68%
5 CONMEBOL Venezuela
68%
10 CAF DR Congo
67%
1 AFC Iran
65%
1 AFC Saudi Arabia
65%
41 CAF Cote d'Ivoire
63%
3 OFC New Zealand
63%
7 CONMEBOL Paraguay
60%
1 UEFA Lithuania
59%
2 AFC Iraq
57%
1 CONCACAF Costa Rica
56%
2 UEFA Israel
56%
7 UEFA Kosovo
56%
2 UEFA Luxembourg
56%
4 UEFA North Macedonia
56%
4 CAF Congo
54%
2 UEFA Estonia
52%
2 CONCACAF French Guiana
52%
4 CONCACAF Jamaica
52%
19 CAF Mali
52%
4 UEFA Montenegro
52%
1 CONCACAF Dominican Republic
51%
6 UEFA Georgia
49%
12 CAF Guinea
46%
6 CAF Angola
44%
2 UEFA Armenia
44%
5 CAF Gabon
44%
1 CAF Kenya
44%
1 CONCACAF Panama
44%
1 UEFA Malta
43%
3 CAF Togo
41%
1 AFC Syria
40%
2 CAF The Gambia
40%
2 UEFA Cyprus
38%
2 CONCACAF Haiti
38%
2 CAF Central African Republic
37%
1 AFC Jordan
37%
2 CONCACAF Suriname
37%
1 UEFA Andorra
35%
1 CAF Guinea-Bissau
35%
2 AFC Uzbekistan
35%
2 CAF Benin
33%
3 CAF Zambia
33%
3 CAF Burkina Faso
30%
2 CAF Cape Verde
30%
1 CAF Madagascar
30%
3 CAF Zimbabwe
30%
1 CAF Mozambique
25%
3 CAF Equatorial Guinea
22%
1 CAF Comoros
17%
1 CAF Burundi
16%
1 AFC Philippines
11%
5 CONCACAF Guadeloupe
5%
1 CONCACAF Martinique
3%
No matching quizzes found
Score Distribution
Percent of People with Each Score
Percentile by Number Answered
Your Score History
You have not taken this quiz